The public, the news media and probation in England and Wales
The main aim of this article is to present and analyse literature and research focused upon public perceptions of probation and portrayals of probation in print, on-line and broadcast news media in England and Wales. A brief account is provided of historical developments in probation in those countr...
| 1. VerfasserIn: | |
|---|---|
| Medienart: | Elektronisch Aufsatz |
| Sprache: | Englisch |
| Veröffentlicht: |
2025
|
| In: |
European journal of probation
Jahr: 2025, Band: 17, Heft: 2, Seiten: 143-161 |
| Online-Zugang: |
Volltext (lizenzpflichtig) |
| Verfügbarkeit prüfen: | HBZ Gateway |
| Schlagwörter: |
MARC
| LEADER | 00000caa a22000002c 4500 | ||
|---|---|---|---|
| 001 | 193204275X | ||
| 003 | DE-627 | ||
| 005 | 20251217122809.0 | ||
| 007 | cr uuu---uuuuu | ||
| 008 | 250730s2025 xx |||||o 00| ||eng c | ||
| 024 | 7 | |a 10.1177/20662203251355683 |2 doi | |
| 035 | |a (DE-627)193204275X | ||
| 035 | |a (DE-599)KXP193204275X | ||
| 040 | |a DE-627 |b ger |c DE-627 |e rda | ||
| 041 | |a eng | ||
| 084 | |a 2,1 |2 ssgn | ||
| 100 | 1 | |a Collins, Stewart |d 1946- |e VerfasserIn |0 (DE-588)1201440890 |0 (DE-627)1685154298 |4 aut | |
| 109 | |a Collins, Stewart 1946- | ||
| 245 | 1 | 4 | |a The public, the news media and probation in England and Wales |
| 264 | 1 | |c 2025 | |
| 336 | |a Text |b txt |2 rdacontent | ||
| 337 | |a Computermedien |b c |2 rdamedia | ||
| 338 | |a Online-Ressource |b cr |2 rdacarrier | ||
| 520 | |a The main aim of this article is to present and analyse literature and research focused upon public perceptions of probation and portrayals of probation in print, on-line and broadcast news media in England and Wales. A brief account is provided of historical developments in probation in those countries over the past 50 years. Public perceptions of crime, community sentencing, the wider criminal justice system and, in particular probation, are critically explored. Analysis is presented of attempts to publicise probation work. The varied impact of news media upon the public in England and Wales about crime, community sentencing, the criminal justice system and probation is analysed. Past and present responses to news media by probation are also critically evaluated. Suggestions are made for further research, for improvements in communication between probation organisations, the public and news media, drawing upon existing research and examples from social work and other countries. | ||
| 650 | 4 | |a Probation | |
| 650 | 4 | |a News Media | |
| 650 | 4 | |a Public perceptions | |
| 773 | 0 | 8 | |i Enthalten in |t European journal of probation |d Thousand Oaks, Calif. : Sage, 2009 |g 17(2025), 2, Seite 143-161 |h Online-Ressource |w (DE-627)769225101 |w (DE-600)2735252-3 |w (DE-576)394039025 |x 2066-2203 |7 nnas |
| 773 | 1 | 8 | |g volume:17 |g year:2025 |g number:2 |g pages:143-161 |
| 856 | 4 | 0 | |u https://doi.org/10.1177/20662203251355683 |x Resolving-System |z lizenzpflichtig |3 Volltext |7 1 |
| 935 | |a mkri | ||
| 951 | |a AR | ||
| ELC | |a 1 | ||
| LOK | |0 000 xxxxxcx a22 zn 4500 | ||
| LOK | |0 001 4750637777 | ||
| LOK | |0 003 DE-627 | ||
| LOK | |0 004 193204275X | ||
| LOK | |0 005 20250730043608 | ||
| LOK | |0 008 250730||||||||||||||||ger||||||| | ||
| LOK | |0 035 |a (DE-2619)KrimDok#2025-07-29#C8BDE42F55AF55D3665BE5EF0295A8176775897F | ||
| LOK | |0 040 |a DE-2619 |c DE-627 |d DE-2619 | ||
| LOK | |0 092 |o n | ||
| LOK | |0 852 |a DE-2619 | ||
| LOK | |0 852 1 |9 00 | ||
| LOK | |0 935 |a zota | ||
| LOK | |0 939 |a 30-07-25 |b l01 | ||
| ORI | |a SA-MARC-krimdoka001.raw | ||
